HEI Partners in the Context of Creative Thinking

Tento prieskum bol vyvinutý špeciálne s cieľom zistiť úroveň a prínos spolupráce medzi univerzitami a externými partnermi s dôrazom na rozvoj kreatívneho myslenia. Ústredná otázka znela: Ovplyvňuje aktívna spolupráca medzi univerzitami a externými partnermi rozvoj kreatívneho myslenia a podporuje in...

ver descrição completa

Na minha lista:
Detalhes bibliográficos
Autor principal: Otiepková, Soňa
Outros Autores: Turlíková, Zuzana, Orfánusová, Veronika, 1984-, Veszprémi Sirotková, Anna, 1966-
Formato: Capítulo de Livro
Idioma:inglês
Assuntos:
Tags: Adicionar Tag
Sem tags, seja o primeiro a adicionar uma tag!

MARC

LEADER 00000naa$a2200000$$$4500
001 0314310
005 20260121132513.1
041 0 |a eng 
044 |a SK 
245 1 0 |a HEI Partners in the Context of Creative Thinking  |c Soňa Otiepková, Zuzana Turlíková, Veronika Orfánusová, Anna Veszprémi Sirotková 
520 |a Tento prieskum bol vyvinutý špeciálne s cieľom zistiť úroveň a prínos spolupráce medzi univerzitami a externými partnermi s dôrazom na rozvoj kreatívneho myslenia. Ústredná otázka znela: Ovplyvňuje aktívna spolupráca medzi univerzitami a externými partnermi rozvoj kreatívneho myslenia a podporuje inovácie? Skúmanie kreatívneho myslenia z hľadiska originality, plynulosti, flexibility a rozpracovanosti, ako aj jeho vnímaného vplyvu na inovácie. Hlavným cieľom prieskumu bolo pochopiť očakávania a vnímané prekážky týkajúce sa spolupráce s externým prostredím univerzity v kontexte kreatívneho myslenia. Ďalším cieľom bolo definovať hlavné atribúty dobrej spolupráce medzi univerzitami a externými zainteresovanými stranami a zároveň identifikovať ich vnímanie kreatívneho myslenia medzi vysokoškolskými študentmi. 
610 2 0 |a kreativita 
610 2 0 |a školy vysoké 
610 2 0 |a dáta 
610 2 0 |a spolupráca intelektuálna 
100 1 |a Otiepková, Soňa 
700 1 |a Turlíková, Zuzana 
700 1 |a Orfánusová, Veronika, 1984- 
700 1 |a Veszprémi Sirotková, Anna, 1966-